| 000 | 00585nam a2200205Ia 4500 | ||
|---|---|---|---|
| 005 | 20250508162521.0 | ||
| 008 | 008 250505s9999 xx 000 0 eng d | ||
| 020 | _a0-04-301188-8 | ||
| 037 | _aTextual | ||
| 040 |
_aFEDL _beng _cFEDL |
||
| 041 |
_aeng _2eng |
||
| 084 |
_a155.23, SIA _qFEDL |
||
| 100 | _aSiann Gerda | ||
| 245 | 0 | _aAccounting for aggression: Perspectives on aggression and violence | |
| 260 |
_aBoston, USA _bAllen and Unwin _c1985 |
||
| 300 | _aviii,294p | ||
| 650 | _aPersonality | ||
| 942 |
_cTEXL _h155.23, SIA |
||
| 999 |
_c1377036 _d1377036 |
||